=LDR 00000nam 2200000 4500 =001 INLIS000000000052326 =005 20200310065643 =035 ##$$a 0010-0218000022 =007 ta =008 200310################g##########0#ind## =020 ##$$a 978-979-769-905-5 =082 ##$$a 297.51 =084 ##$$a 297.51 MUH a =100 #$$a Muhammad Abdurrahman =245 1#$$a Akhlak : $b Menjadi Seorang Muslim Berakhlak Mulia /$c Muhammad Abdurrahman =260 ##$$a Jakarta :$b Raja Grafindo Persada,$c 2016 =300 ##$$a xvi, 298 hlm. ; $c 13 x 21 cm =500 ##$$a Biografi : hlm. 297-298 =650 #4$$a Akhlak =504 ##$$a Bibliografi : hlm. 291-296 =250 ##$$a Ed.I, Cet.1 =990 ##$$a 21707090 =990 ##$$a 21707089 =990 ##$$a 21707088 =990 ##$$a 21707087 =990 ##$$a 21707086